|
|
|
|
| LEADER |
01157nam a2200301 a 4500 |
| 001 |
36666 |
| 003 |
BD-DhAAL |
| 005 |
20191120155955.0 |
| 008 |
191120t1983 ilua b 001 0 eng d |
| 999 |
|
|
|c 41863
|d 41863
|
| 010 |
|
|
|a 82072178
|
| 020 |
|
|
|a 0030623634
|
| 040 |
|
|
|a DLC
|c DLC
|d DLC
|d BD-DhAAL
|
| 050 |
0 |
0 |
|a HB172
|b .N48 1983
|
| 082 |
0 |
0 |
|a 338.5
|2 19
|
| 100 |
1 |
|
|a Nicholson, Walter.
|9 37472
|
| 245 |
1 |
0 |
|a Intermediate microeconomics and its application /
|c Walter Nicholson.
|
| 250 |
|
|
|a Third edition
|
| 260 |
|
|
|a Chicago :
|b Dryden Press,
|c c1983.
|
| 300 |
|
|
|a xix, 699 pages :
|b illustrations ;
|c 25 cm.
|
| 440 |
|
4 |
|a The Dryden Press series in economics
|9 37473
|
| 504 |
|
|
|a Includes bibliographical references and index.
|
| 526 |
|
|
|a ESS
|
| 541 |
|
|
|a Complimentary copy from Professor Dr. Nasreen Khundker
|e 36666
|
| 650 |
|
0 |
|a Microeconomics.
|9 37474
|
| 852 |
|
|
|a Ayesha Abed Library
|c General Stacks
|
| 942 |
|
|
|2 ddc
|c BK
|
| 952 |
|
|
|0 0
|1 0
|2 ddc
|4 0
|6 338_500000000000000_NIC
|7 0
|9 67238
|a BRACUL
|b BRACUL
|c GEN
|d 2019-11-20
|e Complimentary copy from Professor Dr. Nasreen Khundker
|l 1
|m 21
|o 338.5 NIC
|p 3010036666
|r 2024-11-07
|s 2024-06-03
|t 1
|w 2019-11-20
|y BK
|